Nominálně verbální konstrukce a povaha děje ve francouzštině /

Hlavní autor: Šabršula, Jan, 1918-2015
Jazyk: Čeština
Vydáno: Praha : Státní pedagogické nakladatelství, 1963
Vydání: 1. vyd.
Edice: Acta Universitatis Carolinae. Philologica. Monographia
Fyzický popis: 206 s.
Language note: Francouzské a ruské resumé
Knihy
Uloženo v:
LEADER 00959nam a22002772a 4500
001 000136728
003 CZ BrMZK
005 20140618141910.0
007 ta
008 950101s1963 xr f cze d
015 |a cnb000476396 
040 |a BOA001  |b cze 
041 0 |a cze  |b fre  |b rus 
100 1 |a Šabršula, Jan,  |d 1918-2015  |7 jk01122324  |4 aut 
245 1 0 |a Nominálně verbální konstrukce a povaha děje ve francouzštině /  |c Jan Šabršula 
250 |a 1. vyd. 
260 |a Praha :  |b Státní pedagogické nakladatelství,  |c 1963 
300 |a 206 s. 
490 1 |a Acta Universitatis Carolinae. Philologica. Monographia ;  |v 2-1962 
504 |a Obsahuje bibliografii 
546 |a Francouzské a ruské resumé 
830 0 |a Acta Universitatis Carolinae.  |p Philologica.  |p Monographia  |0 s 
910 |a BOA001  |b 2-0498.441 
990 |a BK 
991 |b 201403 
996 6 |b 2619958805  |c 2-0498.441  |l MZK  |r Sklad / do 24 hodin  |n 9  |w 000136728  |u 000010  |a 1  |e BOA001  |j MZK50  |s P